| 000 | 00981nam a2200301Ia 4500 | ||
|---|---|---|---|
| 001 | 19294 | ||
| 003 | IT-RoPAU | ||
| 008 | 130308s9999 xx 000 0 und d | ||
| 040 | _aIT-RoPAU | ||
| 040 | _cIT-RoPAU | ||
| 041 | _aITALIANO | ||
| 100 | _aBalducci Ernesto | ||
| 100 | _gCodice Aut. SPICS: 9644 | ||
| 245 | _aEvangelizzazione come liberazione-Il rapporto dell'annuncio messianico con l'esperienza storica | ||
| 245 | _bEvangelizzazione liberazione e Mass-Media | ||
| 250 | _a1a ed. | ||
| 260 | _aROMA | ||
| 260 | _bEp/Centro Catechistico | ||
| 260 | _c1974 [1° Ed.:1974 - Ed.Ling.Originale:1974] | ||
| 300 | _a"11 p. (prefazione: no ; testo: 11 [pagine: 17-27])" | ||
| 500 | _aRecuperare Il Senso Messianico della salvezza Comprensione dell'uomo liberazione Evangelica e Suoi contenuti Umani | ||
| 650 | _aSAGGI PASTORALE COMUNICAZIONE SOCIALE | ||
| 650 | _eCodice materia Spics: 9311 | ||
| 942 | _cBK | ||
| 957 | _71 | ||
| 999 |
_c64477 _d64477 |
||
| 999 | _bSI | ||
| 999 | _g1 | ||